Statistics for Name a Country for Every Letter

Click here to take the quiz!

General Stats

  • This quiz has been taken 23,489 times
    (15,375 since last reset)
  • The average score is 22 of 24

Answer Stats

% Correct
AAfghanistan | Albania | Algeria | Andorra | Angola | Antigua and Barbuda | Argentina | Armenia | Australia | Austria | Azerbaijan
99%
BBahamas | Bahrain | Bangladesh | Barbados | Belarus | Belgium | Belize | Benin | Bhutan | Bolivia | Bosnia and Herzegovina | Botswana | Brazil | Brunei | Bulgaria | Burkina Faso | Burundi
98%
CCape Verde | Cambodia | Cameroon | Canada | Central African Republic | Chad | Chile | China | Colombia | Comoros | Costa Rica | Croatia | Cuba | Cyprus | Czech Republic
98%
DDemocratic Republic of the Congo | Denmark | Djibouti | Dominica | Dominican Republic
97%
FFederated States of Micronesia | Fiji | Finland | France
97%
GGabon | Gambia | Georgia | Germany | Ghana | Greece | Grenada | Guatemala | Guinea | Guinea-Bissau | Guyana
96%
IIceland | India | Indonesia | Iran | Iraq | Ireland | Israel | Italy | Ivory Coast
96%
EEast Timor | Ecuador | Egypt | El Salvador | Equatorial Guinea | Eritrea | Estonia | Eswatini | Ethiopia
95%
JJamaica | Japan | Jordan
94%
NNamibia | Nauru | Nepal | Netherlands | New Zealand | Nicaragua | Niger | Nigeria | North Korea | North Macedonia | Norway
94%
MMadagascar | Malawi | Malaysia | Maldives | Mali | Malta | Marshall Islands | Mauritania | Mauritius | Mexico | Moldova | Monaco | Mongolia | Montenegro | Morocco | Mozambique | Myanmar
93%
LLaos | Latvia | Lebanon | Lesotho | Liberia | Libya | Liechtenstein | Lithuania | Luxembourg
92%
PPakistan | Palau | Panama | Papua New Guinea | Paraguay | Peru | Philippines | Poland | Portugal
92%
HHaiti | Honduras | Hungary
91%
SSaint Kitts and Nevis | Saint Lucia | Saint Vincent and the Grenadines | Samoa | San Marino | Sao Tome and Principe | Saudi Arabia | Senegal | Serbia | Seychelles | Sierra Leone | Singapore | Slovakia | Slovenia | Solomon Islands | Somalia | South Africa | South Korea | South Sudan | Spain | Sri Lanka | Sudan | Suriname | Sweden | Switzerland | Syria
91%
UUganda | Ukraine | United Arab Emirates | United Kingdom | United States | Uruguay | Uzbekistan
91%
KKazakhstan | Kenya | Kiribati | Kosovo | Kuwait | Kyrgyzstan
90%
RRepublic of the Congo | Romania | Russia | Rwanda
90%
TTajikistan | Taiwan | Tanzania | Thailand | Togo | Tonga | Trinidad and Tobago | Tunisia | Turkey | Turkmenistan | Tuvalu
89%
QQatar
86%
OOman
85%
VVanuatu | Vatican City | Venezuela | Vietnam
85%
ZZambia | Zimbabwe
85%
YYemen
83%

Score Distribution

Percentile by Number Answered

Percent of People with Each Score

Your Score History

You have not taken this quiz since the last reset